Cold-adapted culturing of the microalga Monoraphidium sp. in thin-layer raceway pond for biomass production
Three cultivation regimes were tested in cold-adapted cultures of the green microalga Monoraphidium in an outdoor thin-layer raceway pond: cultivation under sunlight; its combination with continuous supplementary illumination; and nitrogen depletion using both light sources. The highest volumetric a...
Elmentve itt :
| Szerzők: | |
|---|---|
| Dokumentumtípus: | Cikk |
| Megjelent: |
2023
|
| Sorozat: | ALGAL RESEARCH-BIOMASS BIOFUELS AND BIOPRODUCTS
69 |
| Tárgyszavak: | |
| doi: | 10.1016/j.algal.2022.102926 |
| mtmt: | 33334260 |
| Online Access: | http://publicatio.bibl.u-szeged.hu/26403 |
| LEADER | 02141nab a2200361 i 4500 | ||
|---|---|---|---|
| 001 | publ26403 | ||
| 005 | 20230131132054.0 | ||
| 008 | 230131s2023 hu o 0|| Angol d | ||
| 022 | |a 2211-9264 | ||
| 024 | 7 | |a 10.1016/j.algal.2022.102926 |2 doi | |
| 024 | 7 | |a 33334260 |2 mtmt | |
| 040 | |a SZTE Publicatio Repozitórium |b hun | ||
| 041 | |a Angol | ||
| 100 | 1 | |a Lakatos Gergely Ernő | |
| 245 | 1 | 0 | |a Cold-adapted culturing of the microalga Monoraphidium sp. in thin-layer raceway pond for biomass production |h [elektronikus dokumentum] / |c Lakatos Gergely Ernő |
| 260 | |c 2023 | ||
| 300 | |a 10 | ||
| 490 | 0 | |a ALGAL RESEARCH-BIOMASS BIOFUELS AND BIOPRODUCTS |v 69 | |
| 520 | 3 | |a Three cultivation regimes were tested in cold-adapted cultures of the green microalga Monoraphidium in an outdoor thin-layer raceway pond: cultivation under sunlight; its combination with continuous supplementary illumination; and nitrogen depletion using both light sources. The highest volumetric and areal productivity, 0.16 g L−1 d−1 and 3.22 g m−2 d−1, respectively corresponding to the specific growth rate μ of 0.191 d−1 were achieved when sunlight was combined with supplementary illumination. The maximum total fatty acid content, 20.29 % of DW, rich in oleic acid, 54 % of total fatty acid content, was achieved under nitrogen depletion stress. An outstanding amount of lutein, 26.39 mg lutein g−1 DW, was detected grown under sunlight in the first trial. From the harvested and fermented biomass in the second trial 236 mLN g−1oTS of methane was generated. | |
| 650 | 4 | |a Biológiai tudományok | |
| 700 | 0 | 1 | |a Ranglová Karolína |e aut |
| 700 | 0 | 2 | |a Bárcenas-Pérez Daniela |e aut |
| 700 | 0 | 2 | |a Grivalský Tomáš |e aut |
| 700 | 0 | 2 | |a Manoel João Câmara |e aut |
| 700 | 0 | 2 | |a Mylenko Mykola |e aut |
| 700 | 0 | 2 | |a Cheel José |e aut |
| 700 | 0 | 2 | |a Nyári József |e aut |
| 700 | 0 | 2 | |a Wirth Roland |e aut |
| 700 | 0 | 2 | |a Kovács Kornél Lajos |e aut |
| 700 | 0 | 2 | |a Kopecký Jiří |e aut |
| 700 | 0 | 2 | |a Nedbalová Linda |e aut |
| 700 | 0 | 2 | |a Masojídek Jiří |e aut |
| 856 | 4 | 0 | |u http://publicatio.bibl.u-szeged.hu/26403/1/Lakatos_et_al_2023.pdf |z Dokumentum-elérés |